000 00925cam a2200301 4500
999 _c233752
_d233752
001 4159679
003 Nust
005 20170311112609.0
008 720705s1972 nyuc 000 0beng
010 _a 78179793
020 _a9788174367525
040 _aDLC
_cDLC
_dDLC
043 _aa-ii---
050 0 0 _aDS481.M367
_bM43
082 0 0 _a915.45
_bMEH
100 1 _aMehta, Ved,
_d1934-
245 1 0 _aDaddyji
_c[by] Ved Mehta.
260 _aNew York,
_bFarrar, Straus and Giroux
_c1972
300 _a195 p.
_bports.
_c22 cm.
350 _a$6.95
500 _aContinued by: Mamaji. 1979 and Vedi. 1982.
600 1 0 _aMehta, Amolak Ram,
_d1895-
650 0 _aHealth officers
_zPunjab
_vBiography.
650 0 _aFathers
_zIndia
_vBiography.
651 0 _aIndia
_xSocial life and customs.
906 _a7
_bcbc
_corignew
_d2
_encip
_f19
_gy-gencatlg
942 _2ddc
_cBK